KOHA-Header-6

Pakistan's Economic Journey (Record no. 12880)

000 -LEADER
fixed length control field 00268nam a22001217a 4500
020 ## - INTERNATIONAL STANDARD BOOK NUMBER
ISBN 9789694481760
082 ## - DEWEY DECIMAL CLASSIFICATION NUMBER
Classification number 338.009
100 ## - MAIN ENTRY--AUTHOR NAME
Personal name Fasih uddin
245 ## - TITLE STATEMENT
Title Pakistan's Economic Journey
260 ## - PUBLICATION, DISTRIBUTION, ETC. (IMPRINT)
Place of publication Pakistan
Name of publisher IPS Press
Year of publication 2018
300 ## - PHYSICAL DESCRIPTION
Number of Pages 272 pages
942 ## - ADDED ENTRY ELEMENTS (KOHA)
Koha item type Books
Holdings
Withdrawn status Lost status Collection code Permanent Location Current Location Shelving location Date acquired Full call number Accession Number Koha item type
    Economics MAJU MAJU Shelf No.A48 2020-12-22 338.009 10009 Economics

Powered by Koha